Leyes Nº 20.401 a 20.425: tratados internacionales, sumario

Salvato in:
Dettagli Bibliografici
Natura: Libro
Lingua:spagnolo
Pubblicazione: Santiago Jurídica de Chile 2011
Edizione:1a. ed
Serie:Colección Textos Legales, 188
Soggetti:
Tags: Aggiungi Tag
Nessun Tag, puoi essere il primo ad aggiungerne!!

MARC

LEADER 00000cam a2200000 a 4500
001 UCG8157
003 CL-VaPUC
008 111124e20110500CL |||||||||||||||||spa|d
020 |a 9789561021266 
082 0 4 |a 348.022  |b LEY  |2 21 
245 1 0 |a Leyes Nº 20.401 a 20.425: tratados internacionales, sumario 
250 |a 1a. ed 
300 |a 394 p 
942 |c BK 
945 |d 20111124 00:00:00  |a dcastane 
260 |a Santiago  |b Jurídica de Chile  |c 2011 
650 0 |a Tratados internacionales   |9 256056 
650 7 |a DERECHO CHILENO  |2 CL-VaPUC  |9 559050 
583 |a last modification  |c 20111124 10:34:00  |k Rodrigo Vera 
490 0 |a Colección Textos Legales, 188 
999 |c 345789  |d 345787